Name all the Countries that are in Nato - Statistics

General Stats
  • This quiz has been taken 18 times
  • The average score is 19 of 31
Answer Stats
Jahr Answer % Correct
2023 Finnland
88%
1949 Kanada
81%
1990 Deutschland
69%
2004 Lettland
69%
2004 Litauen
69%
1999 Polen
69%
1949 Belgien
63%
2004 Estland
63%
1949 Frankreich
63%
1949 Italien
63%
2017 Montenegro
63%
1949 Niederlande
63%
1949 Norwegen
63%
1949 Portugal
63%
2004 Rumänien
63%
1982 Spanien
63%
1999 Ungarn
63%
1949 Vereinigte Staaten
63%
2009 Albanien
56%
2004 Bulgarien
56%
1949 Dänemark
56%
2004 Slowakei
56%
1952 Griechenland
56%
1949 Luxemburg
56%
2004 Slowenien
56%
1999 Tschechien
56%
2009 Kroatien
50%
2020 Nordmazedonien
50%
1952 Türkei
50%
1949 Island
44%
1949 Vereinigtes Königreich
44%
No matching quizzes found
Score Distribution
Percent of People with Each Score
Percentile by Number Answered
Your Score History
You have not taken this quiz